ბათუმის შოთა რუსთაველის სახელმწიფო უნივერსიტეტის ბიბლიოთეკა

ეკოლოგიის ქიმიური საფუძვლები / (ბიბ.ჩანაწერი № 53008)

000 -ლიდერი
ფიქსირებული სიგრძის საკონტროლო ველი 01050nam a2200253Ia 4500
001 - საკონტროლო ნომერი
საკონტროლო ველი 20039
003 - საკონტროლო ნომრის იდენტიფიკატორი
საკონტროლო ველი GE_BSU
005 - ბოლო ოპერაციის თარიღი და დრო
საკონტროლო ველი 20250408110315.0
008 - ფიქსირებული სიგრძის მონაცემთა ელემენტები - ზოგადი ინფორმაცია
ფიქსირებული სიგრძის საკონტროლო ველი 181216s2000||||ge |||||||||||||| ||geo||
040 ## - კატალოგიზაციის წყარო
Transcribing agency GE_BSU
041 ## - ენის კოდი
Language code of text/sound track or separate title geo
080 ## - უნივერსალური ათობითი კლასიფიკაციის ინდექსი
Universal Decimal Classification number 574.24 + 502.55 გ-70
100 ## - მთავარი ჩანაწერი - პიროვნების სახელი
Personal name გორდეზიანი, მარლენ
9 (RLIN) 24745
245 ## - ცნობა სათაურის შესახებ
Title ეკოლოგიის ქიმიური საფუძვლები /
Statement of responsibility, etc მარლენ გორდეზიანი ; [რედ. : დ. უგრეხელიძე].
264 ## - წარმოების, გამოცემის, დისტრიბუციის და სხვა ცნობები
გამოცემის, წარმოების, დისტრიბუციის... ადგილი თბილისი :
გამოცემის, წარმოების, დისტრიბუციის... თარიღი 2000.
300 ## - ფიზიკური აღწერა
Extent 311 გვ. ;
Dimensions 20 სმ..
500 ## - ზოგადი შენიშვნა
General note პარალ. სათ. ინგლ.ენ.
504 ## - BIBLIOGRAPHY, ETC. NOTE
Bibliography, etc ბიბლიოგრ. სტატიების ბოლოს
653 ## - INDEX TERM--UNCONTROLLED
Uncontrolled term ეკოლოგია
653 ## - INDEX TERM--UNCONTROLLED
Uncontrolled term ეკოლოგიის ქიმიური საფუძვლები
700 ## - ADDED ENTRY--PERSONAL NAME
Personal name უგრეხელიძე, დ.
Relator term რედაქტორი
9 (RLIN) 24746
942 ## - ADDED ENTRY ELEMENTS (KOHA)
Koha item type წიგნი
Source of classification or shelving scheme
ეგზემპლარები
ჩამოწერის სტატუსი დაკარგული ეგზემპლარის სტატუსი კლასიფიკაციის წყარო ან თაროზე გაწყობის სქემა დაზიანების სტატუსი არ გაიცემა მუდმივი მდებარეობა (დაცვის ადგილი) ამჟამინდელი ადგილსამყოფელი თაროზე განთავსების ადგილი შეძენის თარიღი ღირებულება, შესყიდვის ნორმალური ფასი სრული შენახვის შიფრი შტრიხკოდი ბოლო ოპერაციის თარიღი ეგზემპლარის მიმდევრობითი ნომერი (კეტერი?) ფასის ძალაში შესვლის თარიღი ეგზემპლარის სახეობა საჯარო შენიშვნა
          ბათუმის შოთა რუსთაველის სახელმწიფო უნივერსიტეტის მთავარი ბიბლიოთეკა ბათუმის შოთა რუსთაველის სახელმწიფო უნივერსიტეტის მთავარი ბიბლიოთეკა წიგნსაცავი 2018-12-17 12.00 574.24 + 502.55 გ-70 27836 2018-12-17 27836 2018-12-17 წიგნი 12.00 ₾.